Statistics for Die Hard Trivia

Click here to take the quiz!

General Stats

  • This quiz has been taken 330 times
  • The average score is 9 of 21

Answer Stats

HintAnswer% Correct
Character played by Bruce WillisJohn McClane
100%
Name of the Villain in the first MovieHans Gruber
86%
Building the first Die Hard took place inNakatomi Plaza
83%
Name of McClane's wifeHolly
73%
The first Die Hard movie takes place on which day?Christmas Eve
71%
Character played by Samuel L Jackson in Die Hard With a VengeanceZeus
58%
Name of the Cheuffeur in the first filmArgyle
52%
Name of Police Officer McClane befriends in the first movieAl Powell
48%
Name of the villain in Die Hard With a VengeanceSimon Gruber
44%
Which floor did the party take place in the Nakatomi Plaza?30th
42%
Name of the School in Die Hard With a Vengeance that is named after the 21st President of the United States of AmericaChester A. Arthur Elementary
34%
What day does Die Hard 4 take place on?Independence Day
34%
Cocaine using business man in the first movieHarry Ellis
33%
Name of reporter who gets punched by HollyDick Thornburg
26%
Chief of Airport Police in Die Hard 2Captain Lorenzo
18%
Name of the villain in Die Hard 2Colonel Stuart
17%
Name of Drug Lord in Die Hard 2General Ramon Esperanza
16%
McClean is given Aspirin at the end of Die Hard With a Vengeance, what does it say on the bottle cap that alerts McClean to Gruber's whereabouts?Nord des Lignes
13%
Name of Villain in Die Hard 4Thomas Gabriel
13%
Frederick Kaludis prefers to be called _______ in Die Hard 4Warlock
13%
Ricky's badge number and lottery number picks in Die Hard with A Vengeance6991
11%

Score Distribution

Percentile by Number Answered

Percent of People with Each Score

Your Score History

You have not taken this quiz